000 00415nam a2200181Ia 4500
001 4053
005 20260306145727.0
008 260306t2001||||xx |||||||||||||| ||spa||
041 _aESP
082 _a306.86
_bH12 Nº 11
100 _aUrteaga, Jesús
_eAUT
245 0 _aDios y la familia
260 _c2001
300 _a277 páginas :
_c19 cm.
650 _aGEN
654 _aCED
942 _cLIB
_dJUS
_fJUS
_2ddc
_n
999 _c4053
_d4053